000 00799nam a2200265 a 4500
001 25614
003 CO-ViMGA
008 141112s2004 ck r 000 u spa d
020 _a9789588640402
040 _aCO-ViMGA
_bspa
_cCO-ViMGA
041 _aSPA
090 _aN OSP1
100 1 _aOspina Buitrago, William, 1954 -
_92559
245 1 0 _aLa serpiente sin ojos /
_cWilliam Ospina
250 _a1a ed., 1a reimpr.
260 _aBogotá :
_bMondadori,
_c2013
300 _a318 p.
490 _aLiteratura Mondadori
500 _aIncluye índice
650 1 4 _aAUTORES COLOMBIANOS
_932
650 1 4 _aCOLOMBIA - HISTORIA - DESCUBRIMIENTO Y CONQUISTA - NOVELA
_939273
650 1 4 _aLITERATURA COLOMBIANA - SIGLO XIX
_939274
650 1 4 _aNOVELA HISTORICA COLOMBIANA
_92105
942 _2ddc
_cBK
999 _c5187
_d5187